Word Ladder: Opposite Day Quiz Stats

Quiz Updated Sep 8, 2014

Challenge
Share
Tweet
Embed
Score 0/42 Timer 05:00
0 Plays Today
Hint Answer % Correct
Like the weather at the equatorCOLD
98.1%
'What's another ______ for Thesaurus?' - Steven WrightWORD
95.8%
An umbilical one, perhaps?CORD
95.5%
A particular section of a hospitalWARD
94%
Nat King ____COLE
93.8%
Like a tortoiseFAST
93.7%
You should wear a coat when the weather is like thisWARM
93.4%
Not present or futurePAST
92.6%
You punch with thisFIST
92.4%
'Of _____ and Men'MICE
91.8%
Someone who is this probably can't afford a Lamborghini RICH
91.6%
A model might strike thisPOSE
91.4%
Like a rockHARD
91.1%
Jack's love interest in TitanicROSE
90.8%
Winnie the ______POOH
90.4%
Go from low to highRISE
90.2%
Jasmine or Condoleezza, e.g.RICE
89.8%
Woodward and Bernstein wrote for the Washington onePOST
89.7%
This eventually will turn into a flowerSEED
89.6%
Like Usain BoltSLOW
89.5%
A group of similar animalsHERD
89.5%
Hint Answer % Correct
Italian car company based in TurinFIAT
89.2%
A toboggan is a type of thisSLED
88.7%
Like a shirt after ironingFLAT
88.3%
To take notice of a warningHEED
88.2%
Melissa Joan _____ of 'Clarissa Explains It All'HART
88.2%
This word could describe Bill Gates or Warren BuffettPOOR
88.1%
Abbreviation for Detroit's stateMICH
88.1%
Why ______ thou forsaken me?HAST
87.4%
Ebb & _____FLOW
87%
The absence of difficultyEASE
86.4%
It's right on a mapEAST
86.1%
Also known as Mrs. David BeckhamPOSH
84.7%
Something that's almost perfect may have thisFLAW
84.2%
If you have 24 bottles of beer you have this amountCASE
84.2%
This makes catching a fastball a lot easierMITT
83.2%
Just a little bit of rain, but lighter than a drizzleMIST
82%
Pit where crazed dancing happensMOSH
81.9%
A lot of somethingSLEW
81.6%
Arthropod cousin of the tickMITE
80.8%
Velvet Underground founder JohnCALE
80.1%
This word means 'bridge' in nearly all of Eastern EuropeMOST
73.9%

Today's Daily Dose

Missing Word
Jazz Songs 'C'

On This Day
January 18th

You're not logged in!

Compare scores with friends on all Sporcle quizzes.
Sign Up with Email
OR
Log In

You Might Also Like...

Show Comments

Extras

Top Quizzes Today


Score Distribution

Your Account Isn't Verified!

In order to create a playlist on Sporcle, you need to verify the email address you used during registration. Go to your Sporcle Settings to finish the process.